Bibliotecas: escenarios para que cada libro encuentre su lector /

Guardado en:
Autor Principal: Herrera Posse, Andrea
Otros Autores: Redondo, Adriana
Formato: Libro
Publicado: Buenos Aires : Biblioteca Nacional de Maestros
Series:La Biblioteca escolar en la escuela de hoy
Materias:
Etiquetas: Agregar Etiqueta
Sin Etiquetas, Sea el primero en etiquetar este registro!
LEADER 01026nam a22002415a 4500
001 CEM.cems011886
005 20070629161950.0
008 130507b######################000#0#####d
003 CEMS
082 0 4 |a 028.9 
100 1 |a Herrera Posse, Andrea 
245 1 0 |a Bibliotecas: escenarios para que cada libro encuentre su lector /  |c Andrea Herrera Posse y Adriana Redondo 
260 |a Buenos Aires :  |b Biblioteca Nacional de Maestros 
300 |a 47 p. 
490 0 |a La Biblioteca escolar en la escuela de hoy 
505 0 |a La biblioteca de hoy -- Definiendo el perfil del usuario de la biblioteca -- Espacios y lecturas múltiples para un nuevo milenio -- Para animarse a expandir la lectura 
653 |a Bibliotecología 
653 |a Biblioteca escolar 
653 |a Lectura-motivación 
700 1 |a Redondo, Adriana 
859 |a CEMS  |b BIB. CEMS - 11 de abril  |h 028.9  |i H449  |p 22888.05  |t Ej.1 
859 |a CEMS  |b BIB. CEMS - 11 de abril  |h 028.9  |i H449  |p 23113.05  |t Ej.3 
859 |a CEMS  |b BIB. CEMS - 11 de abril  |h 028.9  |i H449  |p 23115.05  |t Ej.2